00599nam a22001937a 450000500170000001000150001702000260003203500130005803700130007108200100008410000190009424501060011326000480021927000550026730000270032250000500034970000030039970000030040220100819113936.0 aENG-101333 a9788185867922c150.00 aEN-84866 bDBAD/PUB a622.1 aRaju, R. Dhana aHandbook of minral exploration and ore petrology :bteachniques and applications /cby R. Dhana Raju  aBanglorebGeological Society of Indiac2009 aPB.1922, Gavipuram P.O. BanglorebBangloree560019 ax, 494 p. b24cm (Pbk) aIncludes bibliographical references and index